| 000 | 00686cam a22002171 4500 | ||
|---|---|---|---|
| 001 | af 48002752 | ||
| 003 | DLC | ||
| 005 | 20260227110857.0 | ||
| 008 | 890404s1942 gw 000 0 ger c | ||
| 010 | _aaf 48002752 | ||
| 035 | _a(OCoLC)19494985 | ||
| 040 |
_aCalifornia. Univ. Libr. _cCU _dDLC |
||
| 042 | _apremarc | ||
| 050 | 0 | 0 |
_aPT2617.O293 _bW4 |
| 100 | 1 | _aHoerschelmann, Fred von. | |
| 245 | 1 | 0 |
_aWendische Nacht, _bSchauspiel in vier Akten. |
| 260 |
_aBerlin, _bG. Kiepenheuer Bühnenvertrieb, _cc1942. |
||
| 300 |
_a128 p. _c20 cm. |
||
| 500 | _a"Uraufgeführt am 26. Februar 1942 am Stadttheater in Hamburg." | ||
| 500 | _a"Als unverkäufliches Manuskript vervielfältigt." | ||
| 999 |
_c5194 _d5194 |
||